Guarijíos (Record no. 202465)
[ view plain ]
| 000 -CABECERA | |
|---|---|
| campo de control de longitud fija | 00964cam a2200265 a 4500 |
| 003 - IDENTIFICADOR DEL NÚMERO DE CONTROL | |
| campo de control | MX-MxUPN |
| 005 - FECHA Y HORA DE LA ÚLTIMA TRANSACCIÓN | |
| campo de control | 20240528063643.0 |
| 008 - ELEMENTOS DE LONGITUD FIJA--INFORMACIÓN GENERAL | |
| campo de control de longitud fija | 190508s2008 mx o fr 000 0 spa d |
| 020 ## - NÚMERO INTERNACIONAL NORMALIZADO PARA LIBROS | |
| Número Internacional Estándar del Libro | 9789707531932 |
| 035 ## - NÚMERO DE CONTROL DEL SISTEMA | |
| Número de control de sistema | UPN01000230370 |
| 040 ## - FUENTE DE LA CATALOGACIÓN | |
| Centro catalogador/agencia de origen | MX-MxUPN |
| Lengua de catalogación | spa |
| 050 #4 - SIGNATURA TOPOGRÁFICA DE LA BIBLIOTECA DEL CONGRESO | |
| Número de clasificación | F1221 G82 |
| Número de documento/Ítem | V43 2008 |
| 100 1# - ASIENTO PRINCIPAL--NOMBRE PERSONAL | |
| Nombre de persona | Vélez Storey, Jaime |
| 9 (RLIN) | 35916 |
| 100 1# - ASIENTO PRINCIPAL--NOMBRE PERSONAL | |
| Nombre de persona | Harriss Clare, Claudia J. |
| 9 (RLIN) | 52062 |
| 245 10 - MENCIÓN DE TÍTULO | |
| Título | Guarijíos |
| 250 ## - MENCIÓN DE EDICIÓN | |
| Mención de edición | Primera edición |
| 260 ## - PUBLICACIÓN, DISTRIBUCIÓN, ETC. | |
| Lugar de publicación, distribución, etc. | México, D.F. : |
| Nombre del editor, distribuidor, etc. | Secretaría de Educación Pública : |
| -- | Comisión Nacional para el Desarrollo de los Pueblos Indígenas, Dirección General de Educación Indígena , |
| Fecha de publicación, distribución, etc. | 2008. |
| 300 ## - DESCRIPCIÓN FÍSICA | |
| Extensión | 31 páginas : |
| Otras características físicas | fotografías |
| 490 0# - MENCIÓN DE SERIE | |
| Mención de serie | Pueblos indígenas del México contemporáneo |
| 650 #4 - ASIENTO SECUNDARIO DE MATERIA - TERMINO TEMATICO | |
| Término de materia o nombre geográfico como elemento de entrada | Guarijíos |
| Subdivisión general | Vida social y costumbres |
| 9 (RLIN) | 23318 |
| 650 #4 - ASIENTO SECUNDARIO DE MATERIA - TERMINO TEMATICO | |
| 9 (RLIN) | 5132 |
| Término de materia o nombre geográfico como elemento de entrada | Indígenas de México |
| Subdivisión general | Vida social y costumbres |
| 902 ## - ELEMENTOS DE DATOS B LOCAL, LDB (RLIN) | |
| Modificó | VíctorGodínez/270524 |
| 942 ## - ELEMENTOS DE PUNTO DE ACCESO ADICIONAL (KOHA) | |
| Fuente del sistema de clasificación o colocación | Library of Congress Classification |
| Tipo de ítem Koha | Folleto |
| Estado de retiro | Estado de pérdida | Fuente del sistema de clasificación o colocación | Estado dañado | No para préstamo | Código de colección | Localización permanente | Ubicación/localización actual | Ubicación en estantería | Fecha de adquisición | Clasificación | Código de barras | Fecha visto por última vez | Número de copia | Tipo de ítem Koha |
|---|---|---|---|---|---|---|---|---|---|---|---|---|---|---|
| Library of Congress Classification | Disponible (Préstamo en sala) | Folletería | Bib. Gregorio Torres Quintero | Bib. Gregorio Torres Quintero | Colecciones especiales Planta alta | 27/05/2024 | F1221 G82 V43 2008 | 330883 | 31/12/2020 | Ej.2 | Folleto | |||
| Library of Congress Classification | Disponible (Préstamo en sala) | Folletería | Bib. Gregorio Torres Quintero | Bib. Gregorio Torres Quintero | Colecciones especiales Planta alta | 27/05/2024 | F1221 G82 V43 2008 | 330882 | 31/12/2020 | Folleto | ||||
| Library of Congress Classification | Disponible (Préstamo en sala) | Folletería | Bib. Gregorio Torres Quintero | Bib. Gregorio Torres Quintero | Colecciones especiales Planta alta | 27/05/2024 | F1221 G82 V43 2008 | 330884 | 31/12/2020 | Ej.3 | Folleto |
